Mathematical biology (رقم التسجيلة. 75170)

تفاصيل مارك
000 -الفاتح
حقل البيانات ثابتة الطول 02591cam a2200505Ia 4500
001 - رقم الضبط
رقم الضبط 612212183
003 - محدد رقم الضبط
رقم الضبط OSt
005 - وقت وتاريخ اخر تعامل مع التسجيلة
رقم الضبط 20180923144744.0
006 - عناصر البيانات ثابتة الطول - خصائص المادة الاضافية-معلومات عامة
حقل البيانات ثابتة الطول m d
007 - الحقل الثابت للوصف المادى- معلومات عامة
حقل البيانات ثابتة الطول cr mn|||||||||
008 - عناصر البيانات ثابتة الطول - معلومات عامة
حقل البيانات ثابتة الطول 100507s2009 ne a ob 001 0 eng d
020 ## - الرقم الدولى المعيارى للكتب
الرقم الدولى المعيارى للكتاب 9780387709840 (eisbn)
020 ## - الرقم الدولى المعيارى للكتب
الرقم الدولى المعيارى للكتاب 0387709843 (eisbn)
020 ## - الرقم الدولى المعيارى للكتب
الرقم الدولى المعيارى للكتاب الملغى /الخاطئ 9780387709833
020 ## - الرقم الدولى المعيارى للكتب
الرقم الدولى المعيارى للكتاب الملغى /الخاطئ 0387709835
035 ## - رقم ضبط النظام
رقم ضبط النظام .b68808847
037 ## - مصدر التزويد
رقم المخزون 978-0-387-70983-3
مصدر رقم المخزون/ التزويد Springer
ملاحظة http://www.springerlink.com
040 ## - مصدر الفهرسة
وكالة الفهرسة الأصلية SINTU
وكالة النسخ SINTU
وكالة التعديل N$T
-- GW5XE
-- EBLCP
-- OSU
-- UtOrBLW
049 ## - المجموعات المحلية (OCLC)
مكتبة المقتنيات OH1A
050 #4 - رقم طلب مكتبة الكونجرس
رقم التصنيف QH323.5
رقم المادة .S56 2009eb
050 #4 - رقم طلب مكتبة الكونجرس
رقم التصنيف QH323.5
رقم المادة .S56 2009eb
082 04 - رقم تصنيف ديوى العشرى
رقم التصنيف 570.151
رقم الطبعة 22
رقم المادة SRM
100 1# - المدخل الرئيسى - إسم شخصى
الإسم الشخصى Shonkwiler, Ronald W.,
التواريخ المصاحبة للاسم 1942-
9 (RLIN) 65095
245 10 - بيان العنوان
العنوان Mathematical biology
الوسيط [electronic resource] :
بقية العنوان an introduction with Maple and Matlab /
بيان المسئوليه,etc Ronald W. Shonkwiler, James Herod
250 ## - بيان الطبعة
بيان الطبعة 2nd ed
260 ## - PUBLICATION, DISTRIBUTION, ETC. (IMPRINT)
مكان الناشر او الموزع Dordrecht ;
-- New York :
اسم الناشر او الموزع Springer,
تاريخ النشر أو التوزيع c2009
300 ## - الوصف المادى
التعداد 1 online resource (xiii, 551 p.) :
تفاصيل ماديه اخرى للوعاء ill
490 1# - بيان السلسلة
عنوان السلسلة Undergraduate texts in mathematics
504 ## - تبصرة ببليوجرافية
تبصرة ببليوجرافية,الخ Includes bibliographical references and index
504 ## - تبصرة ببليوجرافية
تبصرة ببليوجرافية,الخ Includes bibliographical references and indexes
505 00 - تبصرة محتويات-الفهرس
العنوان Biology, mathematics, and a mathematical biology laboratory --
-- Some mathematical tools --
-- pt. 1. Cells, signals, growth, and polulations --
-- Interactions between organisms and their environment --
-- Age-dependent population structures --
-- Random movements in space and time --
-- Neurophysiology --
-- g
-- The biochemisty of cells --
-- pt. 2. Systems and diseases --
-- A biomathematical approach to HIV and AIDS --
-- Parasites and their disease --
-- Cancer: a disease of the DNA -- pt. 3. Genomics
-- Genetics --
-- Genomics --
-- Phylogenetics
630 00 - المدخل الاضافى بالموضوع - عنوان موحد
عنوان موحد Maple (Computer file)
9 (RLIN) 39193
630 00 - المدخل الاضافى بالموضوع - عنوان موحد
عنوان موحد MATLAB
9 (RLIN) 65096
650 #0 - المدخل الاضافى بالموضوع-مصطلح موضوعى
مصطلح موضوعي أو اسم جغرافي كعنصر مدخل Biomathematics
9 (RLIN) 65097
650 #0 - المدخل الاضافى بالموضوع-مصطلح موضوعى
مصطلح موضوعي أو اسم جغرافي كعنصر مدخل Biomathematics
التقسيم الفرعي العام Computer programs
9 (RLIN) 65098
655 #0 - مصطلح تكشيفى-نوع/شكل
بيانات النوع/ الشكل أو المصطلح الأساسي Electronic books
9 (RLIN) 65099
700 1# - المدخل الاضافى - اسم شخصى
الإسم الشخصى Herod, J. V.,
التواريخ المصاحبة للاسم 1937-
9 (RLIN) 65100
773 0# - مدخل المادة المضيفة
العنوان SpringerLink
رقم ضبط التسجيلة (OCoLC)43927870
773 0# - مدخل المادة المضيفة
العنوان OhioLINK electronic book center (Online)
رقم ضبط التسجيلة (OCoLC)180989150
776 08 - مدخل الشكل المادى الاضافى
نص العرض Print version:
رأس المدخل الرئيسي Shonkwiler, Ronald W., 1942-
العنوان Mathematical biology.
الطبعة 2nd ed.
الناشر و مكان و تاريخ النشر New York : Springer, 2009
الرقم الدولى المعيارى للكتاب 9780387709833
-- 0387709835
رقم ضبط التسجيلة (OCoLC)451477717
830 #0 - المدخل الاضافى بالسلسلة -عنوان موحد
عنوان موحد Undergraduate texts in mathematics
9 (RLIN) 18788
856 40 - الوصول و الموقع الالكترونى
معرف المصدر الموحد <a href="http://rave.ohiolink.edu/ebooks/ebc/9780387709840">http://rave.ohiolink.edu/ebooks/ebc/9780387709840</a>
تبصرة عامة Connect to resource
856 41 - الوصول و الموقع الالكترونى
مواد محددة Table of contents
معرف المصدر الموحد <a href="http://bvbr.bib-bvb.de:8991/F?func=service&doc_library=BVB01&doc_number=017693722&line_number=0001&func_code=DB_RECORDS&service_type=MEDIA">http://bvbr.bib-bvb.de:8991/F?func=service&doc_library=BVB01&doc_number=017693722&line_number=0001&func_code=DB_RECORDS&service_type=MEDIA</a>
942 ## - عناصر المدخل الإضافي( كوها)
مصدر التصنيف او مخطط الترفيف Dewey Decimal Classification
Koha [default] item type كتاب
المقتنيات
حالة الفقد نموذج السعر الفعال حالة تلف ليس للاعارة رقم الطلب تاريخ الاكتساب الموقع الحالي الباركود الفرع الرئيسي Date last seen نوع المادة فى نظام كوها مصدر التصنيف او خطة الترفيف Total Checkouts
  2018-09-22     570.151 SRM 2018-09-22 المكتبة المركزية بالمجمعة (CL) 00751462 المكتبة المركزية بالمجمعة (CL) 2018-09-22 كتاب Dewey Decimal Classification  
  2018-09-22     570.151 SRM 2018-09-22 المكتبة المركزية بالمجمعة (CL) 00751463 المكتبة المركزية بالمجمعة (CL) 2018-09-22 كتاب Dewey Decimal Classification  
  2018-09-22     570.151 SRM 2018-09-22 المكتبة المركزية بالمجمعة (CL) 00751464 المكتبة المركزية بالمجمعة (CL) 2018-09-22 كتاب Dewey Decimal Classification  
  2018-09-22     570.151 SRM 2018-09-22 مكتبة مجمع الطالبات بالمجمعة (EMF) 00751465 مكتبة مجمع الطالبات بالمجمعة (EMF) 2018-09-22 كتاب Dewey Decimal Classification  
  2018-09-22     570.151 SRM 2018-09-22 مكتبة مجمع الطالبات بالمجمعة (EMF) 00751466 مكتبة مجمع الطالبات بالمجمعة (EMF) 2018-09-22 كتاب Dewey Decimal Classification  
  2018-09-22     570.151 SRM 2018-09-22 مكتبة مجمع الكليات بالزلفى - طلاب (SZM) 00751467 مكتبة مجمع الكليات بالزلفى - طلاب (SZM) 2018-09-22 كتاب Dewey Decimal Classification  
  2018-09-22     570.151 SRM 2018-09-22 مكتبة مجمع الكليات بالزلفى - طلاب (SZM) 00751468 مكتبة مجمع الكليات بالزلفى - طلاب (SZM) 2018-09-22 كتاب Dewey Decimal Classification